| 000 | 00486nam a2200157Ia 4500 | ||
|---|---|---|---|
| 003 | OSt | ||
| 005 | 20200617112707.0 | ||
| 008 | 190216s9999||||xx |||||||||||||| ||und|| | ||
| 040 | _coclc | ||
| 082 |
_a954.03 _bCHA/H |
||
| 100 |
_aChand, Tara _93007 |
||
| 245 | 0 |
_aHistory Of The Freedom Movement In India / _c Tara Chand |
|
| 260 |
_bPublications Division Govt. Of India, _aFaridabad: _c1965. |
||
| 300 | _a344p | ||
| 942 |
_cBK _2ddc _h954.03 _iCHA/H _k954.03 _mCHA/H |
||
| 999 |
_c18583 _d18583 |
||